Normal view
MARC view
- Business Administration
Entry Topical Term
001 - CONTROL NUMBER
- control field: 36842
003 - CONTROL NUMBER IDENTIFIER
- control field: OSt
005 - DATE AND TIME OF LATEST TRANSACTION
- control field: 20190209152335.0
008 - FIXED-LENGTH DATA ELEMENTS
- fixed length control field: 190209|| aca||aabn | a|a d
040 ## - CATALOGING SOURCE
- Original cataloging agency: OSt
- Transcribing agency: OSt
150 ## - HEADING--TOPICAL TERM
- Topical term or geographic name entry element: Business Administration
- Form subdivision: Financial
- General subdivision: Undergraduate thesis.
670 ## - SOURCE DATA FOUND
- Source citation: Work cat.: (OSt): Saldino, Reena Rose L. 36841, Services and sustainability of Credit Cooperative in Digos City /, March 2018.
